000 00567nam a22001697a 4500
003 UA-OsUOA
001 15833
007 ta
008 20031209b un ||||| |||| 00| 0 ukr d
942 _cSA
040 _aUA-OsUOA
_cUA-OsUOA
_dUA-OsUOA
245 _aРезолюція IV обласного форуму "Жінки Рівненщини за здоровий спосіб життя"
300 _aС.2
955 _a0
773 0 _w0
_tЗа відродження
_dРівне
_d2003
_g№46/14 листоп./
650 7 _aКраєзнавча робота
_2UDC
999 _c301998
_d301998